000 00295nam a2200121Ia 4500
008 191201s2011 xx 000 0 und d
100 _aTENENBAUM, Aaron M
245 0 _aData structures using C
250 _aIMP 11th
260 _c2011
_bpearson
_aNEW DELHI
300 _a656
942 _2ddc
_cBK
_019
999 _c7775
_d7775